000 00476cam a22001337a 4500
008 180718b2001 xxu||||| |||| 00| 0 eng d
082 _aAPPPA 2000-01 DAS/11
100 _aDas, P.C.
245 _aAudit of panchayati raj institution, its needs, scope, feasibility and importance
_cby P.C. Das
260 _aNew Delhi
_bIndian Institute of Public Administration
_c2001
300 _a143p.
650 _aAuditing - Panchayati raj institution - India
650 _aPanchayat - India
999 _c490927
_d490927